| 000 | 00361nam a2200133Ia 4500 | ||
|---|---|---|---|
| 008 | 210430s9999 xx 000 0 und d | ||
| 020 | _a978-1-84407-358-0 | ||
| 082 | _a620.5 N175 N | ||
| 100 |
_aGeoffrey Hunt _954122 |
||
| 245 |
_aNanotechnology Risk,Ethics and Law _cGeoffrey Hunt |
||
| 260 |
_aLondon _bEarthscan _c2006 |
||
| 300 | _a296p | ||
| 942 |
_cBK _2ddc |
||
| 999 |
_c564593 _d564593 |
||